| 000 | 01830nam0a2200313 4500 | ||
|---|---|---|---|
| 001 | RU\NLR\BIBL_A\012583385 | ||
| 005 | 20211013113223.0 | ||
| 021 |
_aRU _bКН-П-21-025330 _9КН-П-21-1960 |
||
| 035 | _a(NLR Aleph) 012583385 | ||
| 090 |
_a12529005 _c12529005 |
||
| 100 | _a20210820d2020 u y0rusy50 ca | ||
| 101 | 0 | _arus | |
| 102 | _aRU | ||
| 105 | _aa j 000zy | ||
| 181 | 0 |
_ai _baxxe |
|
| 182 | 0 | _an | |
| 200 | 1 |
_aТехнология и организация бережливого производства _eучебно-методическое пособие _fС. А. Назаревич _gМинистерство науки и высшего образования Российской Федерации, Федеральное государственное автономное образовательное учреждение высшего образования Санкт-Петербургский государственный университет аэрокосмического приборостроения |
|
| 203 |
_aТекст _bвизуальный _cнепосредственный |
||
| 210 |
_aСанкт-Петербург _cГУАП _d2020 |
||
| 215 |
_a63, [1] с. _cил. _d21 |
||
| 320 | _aБиблиогр.: с. 61-62 (35 назв.) | ||
| 606 | 1 |
_aПроизводство _jУчебно-методические пособия для высших учебных заведений _xЭффективность _xУправление _yРоссийская Федерация _92475876 _3RU\NLR\AUTH\6601686922 |
|
| 686 | 1 | _aУ30(2)-07-21(2Р)я73 | |
| 700 | 1 |
_aНазаревич _bС. А. _gСтанислав Анатольевич |
|
| 942 | _cBOOK | ||
| 980 | _aNBR | ||
| 980 | _aNB | ||